Szczegóły MARC21

The rise of the network society /

003 -Nazwa inst., której nr kontr. jest w polu 001 [,]
    • @
    • Nazwa instytucji, której n kontrolny jest w polu 001
    • NUKAT
005 -DATA I CZAS OSTATNIEJ MODYFIKACJI [,]
    • @
    • pole kontrolne
    • 20241231113349.0
020 -Międzynarod. znormalizowany nr książki - ISBN [ , ]
    • a
    • Numer ISBN
    • 9781405196864 Find
    • q
    • Dopowiedzenie
    • pbk
040 -Instytucja sporządzająca opis [ , ]
    • a
    • Instytucja, która sporządziła opis (NP)
    • WR U/jd
    • c
    • Instytucja, która sporządziła rekord (NP)
    • WR U/jd
    • d
    • Instytucja, która zmodyfikowała rekord (P)
    • WR U/jd
942 -Rodzaj dokumentu [ , ]
    • c
    • Rodzaj dokumentu
    • Książka
100 -Hasło główne - nazwa osobowa [1, ]
    • a
    • Nazwa osobowa (NP)
    • Castells, Manuel
    • d
    • Daty biograficzne (NP)
    • (1942- ).
    • 9
    • KHW
    • 733
240 -Tytuł ujednolicony [1,0]
    • a
    • Tytuł ujednolicony
    • Rise of the network society
    • l
    • Język tekstu
    • (ang.)
    • 9
    • KHW
    • 63625
245 -Strefa tytułu i oznaczenia odpowiedzialności [1,4]
    • a
    • Tytuł
    • The rise of the network society / Find
    • c
    • Pozostałe elementy strefy tytułu i oznaczenia odpowiedzialności (NP)
    • Manuel Castells.
250 -Strefa wydania [ , ]
    • a
    • Oznaczenie wydania (NP)
    • 2nd ed., with a new preface.
260 -Strefa adresu wydawniczego [ , ]
    • a
    • Miejsce wydania (P)
    • Malden, Mass. [etc.] :
    • b
    • Nazwa wydawcy (P)
    • Wiley-Blackwell,
    • c
    • Data wydania (P)
    • 2012.
300 -Strefa opisu fizycznego [ , ]
    • a
    • Określenie formy książki i/lub objętość (NP)
    • LVII, [1], 597 s. :
    • b
    • Oznaczenie ilustracji (NP)
    • il. ;
    • c
    • Format (NP)
    • 23 cm.
336 -Typ zawartości [ , ]
    • a
    • Termin opisujący typ zawartości
    • Tekst
    • b
    • Kod określający zawartość
    • txt
    • 2
    • Źródło (terminu i kodu)
    • rdacontent
337 -Typ mediów [ , ]
    • a
    • Tryb odtwarzania
    • Bez urządzenia pośredniczącego
    • b
    • Kod typu mediów
    • n
    • 2
    • Źródło (terminu i kodu)
    • rdamedia
338 -Typ/rodzaj nośnika [ , ]
    • a
    • Hasło opisujące typ nośnika
    • Wolumin
    • b
    • Kod typu nośnika
    • nc
    • 2
    • Źródło (terminu i kodu)
    • rdacarrier
490 -Strefa serii i książki wielotomowej - forma nie do wyszukiwania [1, ]
    • a
    • Tytuł (P)
    • Information age : economy, society and culture / Manuel Castells ; Find
    • v
    • Numeracja (P)
    • vol. 1
504 -Uwaga dot. bibliogr. załącznikowej [ , ]
    • a
    • Uwaga dot. bibliografii załącznikowej
    • Bibliogr. s. 512-565. Indeks.
080 -Uniwersalna Klasyfikacja Dziesiętna [ , ]
    • 2
    • Identyfikator wydania tablic
    • UDC-P058
    • 9
    • UKD
    • 2769
    • a
    • Symbol klasyfikacji
    • 316.325
    • b
    • Dopowiedzenie
    • Społeczeństwa ze względu na specyficzne kryteria. Społeczeństwo informacyjne. Społeczeństwo otwarte. Społeczeństwo obywatelskie.
    • 4
    • UKD2
    • 7644
    • x
    • Poddział wspólny
    • =111
    • c
    • Dopowiedzenie poddz. wspólnego
    • =Język angielski.
080 -Uniwersalna Klasyfikacja Dziesiętna [ , ]
    • 2
    • Identyfikator wydania tablic
    • UDC-P058
    • 9
    • UKD
    • 2129
    • a
    • Symbol klasyfikacji
    • 004.7
    • b
    • Dopowiedzenie
    • Komunikacja komputerowa. Sieci komputerowe.
    • 4
    • UKD2
    • 7644
    • x
    • Poddział wspólny
    • =111
    • c
    • Dopowiedzenie poddz. wspólnego
    • =Język angielski.
650 -Hasło przedmiotowe [ ,7]
    • a
    • Hasło przedmiotowe
    • Sieci informacyjne.
    • 2
    • Źródło terminu
    • kaba
    • 9
    • KHW
    • 130083
650 -Hasło przedmiotowe [ ,7]
    • a
    • Hasło przedmiotowe
    • Społeczeństwo informacyjne.
    • 2
    • Źródło terminu
    • kaba
    • 9
    • KHW
    • 130681
650 -Hasło przedmiotowe [ ,7]
    • a
    • Hasło przedmiotowe
    • Technika i cywilizacja.
    • 2
    • Źródło terminu
    • kaba
    • 9
    • KHW
    • 133085
650 -Hasło przedmiotowe [ ,7]
    • a
    • Hasło przedmiotowe
    • Techniki informatyczne
    • x
    • Określnik rzeczowy
    • aspekt ekonomiczny.
    • 2
    • Źródło terminu
    • kaba
    • 9
    • KHW
    • 368675
650 -Hasło przedmiotowe [ ,7]
    • a
    • Hasło przedmiotowe
    • Techniki informatyczne
    • x
    • Określnik rzeczowy
    • aspekt społeczny.
    • 2
    • Źródło terminu
    • kaba
    • 9
    • KHW
    • 351358
980 -Symbol UKD [ , ]
    • a
    • UKD
    • 316.325:004.7]=111
710 -Hasło dodatkowe - nazwa ciała zbiorowego [2, ]
    • a
    • Nazwa ciała zbiorowego lub nazwa geograficzna jako pierwszy element (NP)
    • John Wiley & Sons.
    • 4
    • Kod relacji
    • pbl
    • 9
    • KHW
    • 50868
800 -Hasło dodatkowe opisu książki wielotomowej - nazwa osobowa [1, ]
    • a
    • Nazwa osobowa (NP)
    • Castells, Manuel
    • d
    • Daty biograficzne (NP)
    • (1942- ).
    • t
    • Tytuł ujednolicony/tytuł (NP)
    • Information age
    • l
    • Język tekstu (NP)
    • (ang.)
    • v
    • Oznaczenie tomu (NP)
    • vol. 1
    • 9
    • KHW
    • 63623
920 -ISBN [ , ]
    • a
    • ISBN
    • 978-1-4051-9686-4 Find
    • q
    • Dopowiedzenie
    • pbk
Lokalizacja Data inwentaryzacji Status udost. Numer inwentarzowy Sygnatura
T2013-05-27-2T.12930T.12930